000 00955cai a22002055a 4500
001 L156064
008 120427u2012 xxk g 000 0 eng d
035 _a(Sirsi) u156064
041 0 _aeng
110 2 _aWorld Bank
_93112
245 0 0 _aWorld Bank Energy website
_h[electronic resource]
260 _aWashington
_bWorld Bank
_c2012
520 _aWebsite from the World Bank gives information on the progress on the provision of environmentally and socially sustainable sources of energy. Includes facts about the energy financing activities of the World Bank Group and the preparation of an updated energy sector strategy.
590 _aKA
651 4 _aInternational
690 _aEnergy
_96237
690 _aEnvironment
_96238
856 4 0 _uhttps://web.worldbank.org/WBSITE/EXTERNAL/TOPICS/EXTENERGY2/0,,menuPK:4114636~pagePK:149018~piPK:149093~theSitePK:4114200,00.html
_zView the website free of charge at http://web.worldbank.org
942 _n0
999 _c120975
_d120975